000 00379nam a2200133Ia 4500
008 231129s9999||||xx |||||||||||||| ||spa||
020 _a958-02-0840-9
040 _bspa
082 _aM860.6 A592a
100 _aAngola Rossi Carmen
245 0 _aAnalisis de Al filo del agua : Agustin Yanez (Mexico)
264 _aVoluntad
942 _2ddc
_cBKS
999 _c5000
_d5000